Establishing of Wow Valencia : (Record no. 5742)

MARC details
000 -LEADER
fixed length control field 02439naa a2200361Ia 4500
003 - CONTROL NUMBER IDENTIFIER
control field OSt
005 - DATE AND TIME OF LATEST TRANSACTION
control field 20260416101409.0
008 - FIXED-LENGTH DATA ELEMENTS--GENERAL INFORMATION
fixed length control field 260416s2017 xx 000 0 und d
040 ## - CATALOGING SOURCE
Original cataloging agency Foundation University
Language of cataloging Eng
Transcribing agency Foundation University
Description conventions rda
050 ## - LIBRARY OF CONGRESS CALL NUMBER
Classification number CBA (BsEco-FS) LG 221 D35 B87
Item number A5 B87 2016 A73
099 ## - LOCAL FREE-TEXT CALL NUMBER (OCLC)
Classification number 799
100 ## - MAIN ENTRY--PERSONAL NAME
Personal name Aranchado, John Ray
9 (RLIN) 1517
Relator term author.
245 10 - TITLE STATEMENT
Title Establishing of Wow Valencia :
Remainder of title Tours and activities agency in Dumaguete City /
Statement of responsibility, etc. by Shaina Buday, Manelyn Martinez, Alfe Partosa, and [others.]
264 ## - PRODUCTION, PUBLICATION, DISTRIBUTION, MANUFACTURE, AND COPYRIGHT NOTICE
Place of production, publication, distribution, manufacture Dumaguete City
Name of producer, publisher, distributor, manufacturer Foundation Uiniversity,
Date of production, publication, distribution, manufacture, copy right date 2016.
Copyright Date 2016.
300 ## - PHYSICAL DESCRIPTION
Extent x, 125 leaves :
Other physical details ill. (chiefly color) ;
Dimensions 28 cm.
Materials specified volume
Type of unit resource
336 ## - CONTENT TYPE
Source rdacontent
Content type term text
Content type code txt
337 ## - MEDIA TYPE
Source rdamedia
Media type term unmediated
Media type code n
338 ## - CARRIER TYPE
Materials specified rdacarrier
Carrier type term volume
Carrier type code nc
500 ## - GENERAL NOTE
General note Business plan for the establishment of a tours and activities agency in Dumaguete City.
502 ## - DISSERTATION, THESIS NOTE
Master's Degree Note Undergraduate feasibility (BS in Administration Major Business Economics) - - Foundation University, 2016.
520 ## - ABSTRACT, SUMMARY, ETC.
Abstract, Summary, etc. This study presents the establishment of “Wow Valencia,” a tours and activities agency based in Dumaguete City. It examines the feasibility of offering curated travel experiences, local tours, and recreational activities for both domestic and international tourists. The study includes market analysis, target customer identification, competitive assessment, and marketing strategies. It also discusses operational, managerial, and financial aspects such as tour planning, partnerships with local stakeholders, pricing, staffing, and projected profitability. The research aims to determine the viability and sustainability of the proposed tourism enterprise and its contribution to the local tourism industry.
650 ## - SUBJECT ADDED ENTRY--TOPICAL TERM
Topical term or geographic name entry element Tourism
General subdivision Dumaguete City.
9 (RLIN) 1518
650 ## - SUBJECT ADDED ENTRY--TOPICAL TERM
Topical term or geographic name entry element Travel industry
Geographic subdivision Dumaguete City.
9 (RLIN) 15506
650 ## - SUBJECT ADDED ENTRY--TOPICAL TERM
Topical term or geographic name entry element New business enterprises
Geographic subdivision Dumaguete City.
9 (RLIN) 15505
650 ## - SUBJECT ADDED ENTRY--TOPICAL TERM
Topical term or geographic name entry element Small business
Geographic subdivision Dumaguete City.
9 (RLIN) 15504
658 ## - INDEX TERM--CURRICULUM OBJECTIVE
Main curriculum objective Project Feasibility Study :
Subordinate curriculum objective Administration Major in Business Economics, Bachelor of Science in ;
Curriculum code FSB301.
700 1# - ADDED ENTRY--PERSONAL NAME
Personal name Buday, Shaina,
9 (RLIN) 1520
Relator term co-author
700 1# - ADDED ENTRY--PERSONAL NAME
Personal name Martinez, Manelyn
Relator term co-author
700 1# - ADDED ENTRY--PERSONAL NAME
Personal name Partosa, Alfe
Relator term co-author
700 1# - ADDED ENTRY--PERSONAL NAME
Personal name Pinili, Aaron Paul
Relator term co-author
700 1# - ADDED ENTRY--PERSONAL NAME
Personal name Teofilo, Renalyn
Relator term co-author
942 ## - ADDED ENTRY ELEMENTS (KOHA)
Source of classification or shelving scheme Library of Congress Classification
Koha item type Feasibility Study
Classification part LG 221 D35 B87
Item part A5 B87 2016 A73
Call number prefix CBA (BsEco-FS)
Holdings
Withdrawn status Lost status Source of classification or shelving scheme Damaged status Not for loan Home library Current library Shelving location Date acquired Source of acquisition Total Checkouts Full call number Barcode Date last seen Price effective from Koha item type Accession Number
    Library of Congress Classification     Foundation University Library Foundation University Library Undergraduate Thesis 04/16/2026 Donated   CBA (BsEco-FS) LG 221 D35 B87 A5 B87 2016 A73 c.1 60582 04/16/2026 04/16/2026 Feasibility Study BsEco-FS-2026001
    Library of Congress Classification     Foundation University Library Foundation University Library Undergraduate Thesis 04/16/2026 Donated   CBA (BsEco-FS) LG 221 D35 B87 A5 B87 2016 A73 c.2 60583 04/16/2026 04/16/2026 Feasibility Study BsEco-FS-2026002